High court (civil procedure) rule, 2004 (Record no. 6038)

MARC details
000 -LEADER
fixed length control field 00402nam a22001457a 4500
110 ## - MAIN ENTRY--CORPORATE NAME
Corporate name or jurisdiction name as entry element Republic of Ghana
245 ## - TITLE STATEMENT
Title High court (civil procedure) rule, 2004
Remainder of title (C.I. 47)
Statement of responsibility, etc by the Republic of Ghana
246 ## - VARYING FORM OF TITLE
Title proper/short title Acts of Parliament
260 ## - PUBLICATION, DISTRIBUTION, ETC. (IMPRINT)
Place of publication, distribution, etc Accra
Name of publisher, distributor, etc Assembly Press
Date of publication, distribution, etc 2004
300 ## - PHYSICAL DESCRIPTION
Extent 397p.
440 ## - SERIES STATEMENT/ADDED ENTRY--TITLE
Title Acts of Parliament.
650 ## - SUBJECT ADDED ENTRY--TOPICAL TERM
Topical term or geographic name as entry element Civil procedure
650 ## - SUBJECT ADDED ENTRY--TOPICAL TERM
Topical term or geographic name as entry element High Court Rule.
942 ## - ADDED ENTRY ELEMENTS (KOHA)
Item type Reference
Holdings
Withdrawn status Lost status Source of classification or shelving scheme Damaged status Not for loan Collection code Home library Current library Shelving location Date acquired Total Checkouts Barcode Date last seen Price effective from Koha item type
    Dewey Decimal Classification   Not For Loan Reference Methodist University Law Library Methodist University Law Library Reference 28/08/2019   7983 28/08/2019 28/08/2019 Reference
Copyright © 2026  MUG Library